| 000 | 00447nam a22001697a 4500 | ||
|---|---|---|---|
| 003 | OSt | ||
| 008 | 190517b ||||| |||| 00| 0 eng d | ||
| 020 | _a9789383305179 | ||
| 082 |
_a635 _bSIN/AD |
||
| 245 | _a Advances in protected cultivation | ||
| 260 |
_aNew Delhi _bNew india Publishing agency _c2014 |
||
| 300 | _a237 p. | ||
| 700 |
_a Singh,Brahma _95081 |
||
| 700 |
_aSingh , Balraj _95082 |
||
| 700 |
_aSabir naved _95083 |
||
| 942 | _cBK | ||
| 999 |
_c15580 _d15580 |
||